Peniaze a bankovníctvo

Salvato in:
Dettagli Bibliografici
Autore principale: Majerčáková, Daniela
Natura: Libro
Lingua:slovacco
Pubblicazione: Praha Wolters Kluwer 2018
Edizione:1. vydanie
Soggetti:
Tags: Aggiungi Tag
Nessun Tag, puoi essere il primo ad aggiungerne!!

MARC

LEADER 00000nam a2200000 4500
001 0258946
005 20221025094151.7
020 |a 978-80-7552-972-5 
041 0 |a slo 
044 |a CZ 
245 1 0 |a Peniaze a bankovníctvo  |c Daniela Majerčáková 
250 |a 1. vydanie 
264 1 |a Praha  |b Wolters Kluwer  |c 2018 
300 |a 192 s. 
610 2 0 |a peniaze 
610 2 0 |a vývoj 
610 2 0 |a história 
610 2 0 |a mena 
610 2 0 |a politika menová 
610 2 0 |a financie 
610 2 0 |a trh finančný 
610 2 0 |a inštitúcie finančné 
610 2 0 |a banky 
610 2 0 |a štruktúra organizačná 
610 2 0 |a banky centrálne 
610 2 0 |a banky medzinárodné 
610 2 0 |a politika menová 
610 2 0 |a eurozóna 
610 2 0 |a produkty bankové 
610 2 0 |a obchody bankové 
610 2 0 |a islam 
610 2 0 |a nástroje finančné 
610 2 0 |a Európa 
610 2 0 |a Medzinárodný menový fond 
610 2 0 |a Európska centrálna banka 
610 2 0 |a Národná banka Slovenska 
610 2 0 |a Ázia 
610 2 0 |a Čína 
100 1 |a Majerčáková, Daniela